000 00672cam a2200241 4500500
005 20260405003504.0
041 _afre
042 _adc
100 1 0 _aN’Diaye, Aïda
_eauthor
245 0 0 _aSommes-nous maîtres de la technique ?
260 _c2022.
500 _a60
690 _aHans Jonas
690 _aMachine
690 _aMaîtrise
690 _aMarx
690 _aOutil
690 _aProgrès
690 _aResponsabilité
690 _aTechnique
786 0 _nPhilosophie magazine | 158 | 4 | 2022-04-01 | p. 56-56 | 1951-1787
856 4 1 _uhttps://shs.cairn.info/magazine-philosophie-magazine-2022-4-page-56?lang=fr&redirect-ssocas=7080
999 _c2068044
_d2068044